Pakistan handbook. (Record no. 589715)

000 -LEADER
fixed length control field 01698cas a2200493 a 4500
001 - CONTROL NUMBER
control field 12385692
003 - CONTROL NUMBER IDENTIFIER
control field NUST
005 - DATE AND TIME OF LATEST TRANSACTION
control field 20220516124553.0
008 - FIXED-LENGTH DATA ELEMENTS--GENERAL INFORMATION
fixed length control field 010420c19899999cauuu 0 a0eng c
010 ## - LIBRARY OF CONGRESS CONTROL NUMBER
LC control number sn 95003261
Canceled/invalid LC control number 89049758
022 0# - INTERNATIONAL STANDARD SERIAL NUMBER
International Standard Serial Number 1085-2719
ISSN-L 1085-2719
Source 1
035 ## - SYSTEM CONTROL NUMBER
System control number (OCoLC)ocm22157567
037 ## - SOURCE OF ACQUISITION
Source of stock number/acquisition Moon Publications, PO Box 3040, Chico, CA 95928
038 ## - RECORD CONTENT LICENSOR
Staff Name Arshad
040 ## - CATALOGING SOURCE
Original cataloging agency IEP
Language of cataloging eng
Transcribing agency IEP
Modifying agency NSD
-- DLC
-- TJC
-- OCL
-- DLC
-- OCLCQ
-- OCLCF
-- OCLCO
-- FEM
-- OCLCA
042 ## - AUTHENTICATION CODE
Authentication code nsdp
-- pcc
043 ## - GEOGRAPHIC AREA CODE
Geographic area code a-pk---
050 00 - LIBRARY OF CONGRESS CALL NUMBER
Classification number DS376.8
Item number .P318
082 04 - DEWEY DECIMAL CLASSIFICATION NUMBER
Classification number 915.491045
Author Mark PAK
210 0# - ABBREVIATED TITLE
Abbreviated title Pak. handb.
222 #0 - KEY TITLE
Key title Pakistan handbook
245 00 - TITLE STATEMENT
Title Pakistan handbook.
260 ## - PUBLICATION, DISTRIBUTION, ETC.
Place of publication, distribution, etc. Chico, Calif. :
Name of publisher, distributor, etc. Moon Publications
300 ## - PHYSICAL DESCRIPTION
Extent v. :
Other physical details col. ill., maps ;
Dimensions 19 cm.
362 1# - DATES OF PUBLICATION AND/OR SEQUENTIAL DESIGNATION
Dates of publication and/or sequential designation Began in 1989.
490 1# - SERIES STATEMENT
Series statement 1998- : Moon travel handbooks
500 ## - GENERAL NOTE
General note Editor: I. Shaw.
515 ## - NUMBERING PECULIARITIES NOTE
Numbering peculiarities note Issue published 1990- lack designation.
515 ## - NUMBERING PECULIARITIES NOTE
Numbering peculiarities note Issues published 1998- called: 2nd ed.-
563 ## - BINDING INFORMATION
Binding note PBK
588 ## - SOURCE OF DESCRIPTION NOTE
Source of description note Description based on: 1990.
588 ## - SOURCE OF DESCRIPTION NOTE
Source of description note Latest issue consulted: 1998.
651 #0 - SUBJECT ADDED ENTRY--GEOGRAPHIC NAME
Geographic name Pakistan
Form subdivision Guidebooks.
9 (RLIN) 4788
651 #7 - SUBJECT ADDED ENTRY--GEOGRAPHIC NAME
Geographic name Pakistan.
Source of heading or term fast
Authority record control number or standard number (OCoLC)fst01210275
651 #4 - SUBJECT ADDED ENTRY--GEOGRAPHIC NAME
Geographic name Pakistan
General subdivision Guidebooks.
9 (RLIN) 91585
655 #7 - INDEX TERM--GENRE/FORM
Genre/form data or focus term Guidebooks.
Source of term fast
Authority record control number (OCoLC)fst01423871
9 (RLIN) 91586
700 1# - ADDED ENTRY--PERSONAL NAME
Personal name Shaw, Isobel.
9 (RLIN) 79924
776 08 - ADDITIONAL PHYSICAL FORM ENTRY
Relationship information Online version:
Title Pakistan handbook
Record control number (OCoLC)817151465
830 #0 - SERIES ADDED ENTRY--UNIFORM TITLE
Uniform title Moon travel handbooks.
9 (RLIN) 91587
906 ## - LOCAL DATA ELEMENT F, LDF (RLIN)
a 7
b cbc
c serials
d 2
e ncip
f 19
g n-oclcserc
942 ## - ADDED ENTRY ELEMENTS (KOHA)
Source of classification or shelving scheme
Koha item type Book
Holdings
Withdrawn status Lost status Source of classification or shelving scheme Damaged status Not for loan Permanent Location Current Location Shelving location Date acquired Total Checkouts Full call number Barcode Date last seen Price effective from Koha item type
          Central Library (CL) Central Library (CL) History 05/16/2022   915.491045 PAK CL3247 05/16/2022 05/16/2022 Book
© 2023 Central Library, National University of Sciences and Technology. All Rights Reserved.